Horae synopticae: contributions to the study of the synoptic problem

Saved in:
Bibliografiske detaljer
Hovedforfatter: Hawkins, John C (Author)
Format: Bog
Sprog:engelsk
Udgivet: Oxford Clarendon Press 1909
Udgivelse:2a. ed
Fag:
Tags: Tilføj Tag
Ingen Tags, Vær først til at tagge denne postø!

MARC

LEADER 00000cam a2200000 a 4500
001 UCD2637
003 CL-VaPUC
008 160505e19090000uk |||||||||||||||||eng|d
082 0 4 |a 226.77  |b HAW  |2 21 
100 0 |a Hawkins, John C  |e author  |9 585987 
245 1 0 |a Horae synopticae: contributions to the study of the synoptic problem 
250 |a 2a. ed 
300 |a 223 p 
942 |c BK 
945 |d 20160505 16:04:00  |a dcastane 
260 |a Oxford  |b Clarendon Press  |c 1909 
650 0 |a Biblia  |9 257603 
650 0 |a Evangelios sinópticos   |9 421539 
650 0 |a Crítica e interpretación   |9 255042 
583 |a last modification  |c 20160505 16:04:00  |k Rodrigo Vera 
999 |c 363759  |d 363757 
952 |0 0  |1 0  |3 erd  |4 0  |6 226_770000000000000_HAW_1909  |7 0  |8 X  |9 476445  |a BIBTEO  |b BIBTEO  |c TEO_FFR  |i 5229944  |o 226.77 HAW 1909  |p 5229944  |r 2024-01-18  |w 2019-11-24  |y BK_X  |z Catalogado en:20160505  |k OFM